008400000a22002410004500003001100000005001700011008004100028020001500069040003900084041000800123082001600131100002300147245008700170260008700257300002500344490003900369650001300408650003600421650003000457942000700487952009100494999001300585LK-CoMWRAF20240113135542.0230817t1992 ||||| |||| 00| 0 eng d a9748209539 aLK-CoMWRAFdLK-CoMWRAFeLK-CoMWRAF aeng a305.42bPET aPettman, Jan Jindy aWomen, nationalism and the state : btowards an international feminist perspective aBangkok:bGender and Development Studies Unit, Asian Institute of Technologyc1992 a iii, 21 p. ; 24 cm. aGender studies occasional paperv4 aFEMINISM aWomen- Effect of nationalism on aWomen political activists cBK 00104070aMAINbMAINd2023-08-17l0o305.42 PETpRAF4071r2023-08-17w2023-08-17yBK c404d404